[Event "304th YMCA Summer A"]
[Site "Warsaw"]
[Date "2025.07.30"]
[Round "6"]
[White "Korsun, Wadym"]
[Black "Jarzebowski, Kacper"]
[Result "1-0"]
[WhiteElo "1922"]
[BlackElo "2079"]
[PlyCount "97"]
[EventDate "2025.07.01"]
[EventType "tourn"]
[EventRounds "1"]
[EventCountry "POL"]
[SourceDate "2025.07.01"]

1. e4 c5 2. Nf3 g6 3. d4 cxd4 4. Nxd4 Bg7 5. c4 Nc6 6. Be3 Qb6 7. Nb3 Qd8 8.
Nd4 Nf6 9. Nc3 d6 10. Be2 O-O 11. O-O Bd7 12. f3 Nxd4 13. Bxd4 a5 14. Qd2 a4
15. Rfd1 Qa5 16. Rac1 Rfc8 17. Bxf6 exf6 18. Nd5 Qd8 19. Qb4 f5 20. Nb6 Be5 21.
Nxa8 Rxa8 22. exf5 Qg5 23. Qe1 Bxf5 24. Bd3 Bxd3 25. Rxd3 Re8 26. Kh1 Re6 27.
Qf1 Qh6 28. f4 Bxf4 29. Rh3 Qg5 30. Re1 Be5 31. b3 a3 32. Rhe3 Rf6 33. Rf3 Rxf3
34. Qxf3 Qd2 35. Qe2 Qh6 36. g4 Qh4 37. Rf1 Qe7 38. Qf3 Qd7 39. Qd5 Kg7 40. c5
Qxg4 41. cxd6 Qe2 42. Qxf7+ Kh6 43. Qf8+ Kg5 44. Qf2 Qd3 45. Rg1+ Kh5 46. Qg2
Bf6 47. Rf1 Qxd6 48. Qf3+ Kg5 49. h4+ 1-0

[Event "304th YMCA Summer A"]
[Site "Warsaw"]
[Date "2025.07.29"]
[Round "6"]
[White "Pajak, Jakub"]
[Black "Lewandrowski, Tomasz"]
[Result "1-0"]
[WhiteElo "1921"]
[BlackElo "1966"]
[PlyCount "119"]
[EventDate "2025.07.01"]
[EventType "tourn"]
[EventRounds "1"]
[EventCountry "POL"]
[SourceDate "2025.07.01"]

1. g3 e5 2. c4 d5 3. cxd5 Qxd5 4. Nf3 Nf6 5. Bg2 Bc5 6. Nc3 Qd6 7. O-O O-O 8.
d3 a5 9. Bg5 Nbd7 10. Rc1 c6 11. Nd2 Ba7 12. Qa4 h6 13. Nde4 Qe6 14. Bd2 Nxe4
15. Qxe4 Nf6 16. Qh4 Bd7 17. a3 Rad8 18. Ne4 Nxe4 19. Qxe4 b6 20. Bc3 $11 Bb8
21. d4 f5 22. d5 Qd6 23. Qd3 c5 24. e4 f4 25. gxf4 Rxf4 26. Bd2 Rf6 27. Rce1
Re8 28. Re3 Qf8 29. Rg3 Bd6 30. Qe2 Qf7 31. Qa6 Be7 32. Bc3 Bd8 33. Qa7 Rf8 34.
Bxe5 Bb5 35. Qxf7+ R6xf7 36. f4 Bxf1 37. Bxf1 Bf6 38. Bh3 Bxe5 39. fxe5 Rf4 40.
Bf5 R8xf5 41. exf5 Rxf5 42. Re3 Kf8 43. Kg2 a4 44. Kg3 g5 45. d6 Ke8 46. Kg4
Rf4+ 47. Kh5 Rh4+ 48. Kg6 Rxh2 49. Kf6 Rf2+ 50. Ke6 h5 51. Re4 b5 52. Kd5 h4
53. Rg4 h3 54. Rxg5 h2 55. Rh5 Rxb2 56. e6 Rd2+ 57. Kc6 Kf8 58. e7+ Kf7 59.
Rh7+ Kg8 60. Rxh2 1-0

[Event "304th YMCA Summer A"]
[Site "Warsaw"]
[Date "2025.07.30"]
[Round "6"]
[White "Kasperkiewicz, Pawel"]
[Black "Malicki, Jan"]
[Result "1/2-1/2"]
[WhiteElo "1903"]
[BlackElo "1858"]
[PlyCount "45"]
[EventDate "2025.07.01"]
[EventType "tourn"]
[EventRounds "1"]
[EventCountry "POL"]
[SourceDate "2025.07.01"]

1. e4 c5 2. Nf3 d6 3. Bb5+ Bd7 4. Bxd7+ Qxd7 5. O-O Nf6 6. Re1 Nc6 7. c3 g6 8.
d4 cxd4 9. cxd4 Bg7 10. Nc3 O-O 11. h3 Rac8 12. Bg5 Rfd8 13. Qe2 a6 14. Rad1 b5
15. e5 Ne8 16. e6 fxe6 17. Qxe6+ Qxe6 18. Rxe6 Nc7 19. Re2 Kf7 20. Rde1 Re8 21.
a3 h6 22. Be3 Na5 23. Rc2 $11 1/2-1/2

[Event "304th YMCA Summer A"]
[Site "Warsaw"]
[Date "2025.08.01"]
[Round "7"]
[White "Malicki, Jan"]
[Black "Moskwinski, Marek"]
[Result "1/2-1/2"]
[WhiteElo "1858"]
[BlackElo "1894"]
[PlyCount "48"]
[EventDate "2025.07.01"]
[EventType "tourn"]
[EventRounds "1"]
[EventCountry "POL"]
[SourceDate "2025.07.01"]

1. d4 d5 2. Nf3 Nf6 3. c4 e6 4. e3 b6 5. Be2 Bb7 6. O-O Be7 7. Nc3 O-O 8. b3 c5
9. Bb2 Nc6 10. cxd5 Nxd5 11. Rc1 cxd4 12. Nxd4 Nxd4 13. Qxd4 Bf6 14. Qd2 Bxc3
15. Bxc3 Nxc3 16. Qxc3 Qg5 17. f3 Rac8 18. Qd2 Rcd8 19. Qc3 Rd6 20. Rfd1 Rxd1+
21. Rxd1 Rd8 22. Rxd8+ Qxd8 23. Qd3 Qxd3 24. Bxd3 f5 $11 1/2-1/2

[Event "304th YMCA Summer A"]
[Site "Warsaw"]
[Date "2025.07.24"]
[Round "7"]
[White "Lewandrowski, Tomasz"]
[Black "Kasperkiewicz, Pawel"]
[Result "0-1"]
[WhiteElo "1966"]
[BlackElo "1903"]
[PlyCount "74"]
[EventDate "2025.07.01"]
[EventType "tourn"]
[EventRounds "1"]
[EventCountry "POL"]
[SourceDate "2025.07.01"]

1. d4 e6 2. c4 b6 3. e4 Bb7 4. f3 Bb4+ 5. Nd2 Nh6 6. Bd3 f5 7. Qe2 Nc6 8. Qf2
O-O 9. exf5 Nxf5 10. Bxf5 Rxf5 11. a3 Bxd2+ 12. Bxd2 d5 13. g4 Rf8 14. Ne2 dxc4
15. O-O-O Qd7 16. Rhe1 Rae8 17. f4 Ne7 18. Ng3 Nd5 19. f5 exf5 20. Nxf5 Rxe1
21. Rxe1 Re8 22. h4 Bc8 23. Rf1 Qe6 24. h5 h6 25. Nh4 Qf6 26. g5 Qxf2 27. Rxf2
hxg5 28. Bxg5 Rf8 29. Rg2 Kh7 30. Ng6 Rf1+ 31. Kd2 Rb1 32. Rg3 Rxb2+ 33. Kc1
Rh2 34. Ne5 c3 35. h6 Bf5 36. Rg1 gxh6 37. Bd8 Ra2 0-1

[Event "304th YMCA Summer A"]
[Site "Warsaw"]
[Date "2025.08.01"]
[Round "7"]
[White "Kadzinski, Wieslaw"]
[Black "Korsun, Wadym"]
[Result "0-1"]
[WhiteElo "1976"]
[BlackElo "1922"]
[PlyCount "50"]
[EventDate "2025.07.01"]
[EventType "tourn"]
[EventRounds "1"]
[EventCountry "POL"]
[SourceDate "2025.07.01"]

1. e4 e5 2. Nf3 Nc6 3. d4 exd4 4. Bc4 Bb4+ 5. c3 dxc3 6. bxc3 Ba5 7. O-O Nge7
8. Ng5 Ne5 9. Nxf7 Nxf7 10. Bxf7+ Kxf7 11. Qh5+ g6 12. Qxa5 d5 13. exd5 b6 14.
Qa4 Nxd5 15. Rd1 Qe8 16. Qd4 Be6 17. c4 Nf6 18. Bb2 Qd8 19. Na3 Qxd4 20. Bxd4
c5 21. Be5 Rhd8 22. Nb5 Ne8 23. Rxd8 Rxd8 24. Nxa7 Bxc4 25. a4 Ra8 0-1

[Event "304th YMCA Summer A"]
[Site "Warsaw"]
[Date "2025.08.06"]
[Round "8"]
[White "Jarzebowski, Kacper"]
[Black "Lewandrowski, Tomasz"]
[Result "1-0"]
[WhiteElo "2075"]
[BlackElo "1968"]
[PlyCount "155"]
[EventDate "2025.07.02"]
[EventType "tourn"]
[EventRounds "1"]
[EventCountry "POL"]
[SourceDate "2025.07.01"]

1. d4 Nf6 2. c4 e6 3. Nc3 d5 4. Nf3 Be7 5. Bf4 O-O 6. e3 a6 7. c5 Nh5 8. Bg3
Nxg3 9. hxg3 Nc6 10. Bd3 g6 11. Qd2 f5 12. O-O-O Bf6 13. Bc2 b6 14. cxb6 cxb6
15. Kb1 Bd7 16. g4 fxg4 17. Nh2 g3 18. Nf3 gxf2 19. e4 Nb4 20. Bb3 dxe4 21. Qh6
Qe7 22. Nxe4 Qg7 23. Qd2 Nd5 24. g4 Be7 25. Qxf2 Rf4 26. Ned2 Raf8 27. Qe2 Bc8
28. g5 R4f5 29. Bc2 Nf4 30. Qe3 Rb5 31. Ne4 Nd5 32. Qe2 Ba3 33. Bb3 Be7 34. Ne5
Nf4 35. Qg4 Rf5 36. Nc3 Rbxe5 37. dxe5 Qxe5 38. Rhe1 Rxg5 39. Qf3 Qc7 40. Ne4
Rg2 41. Rc1 Bc5 42. Nxc5 bxc5 43. Rc4 Qg7 44. Bc2 g5 45. Qa8 Qb7 46. Qxb7 Bxb7
47. Rxc5 Bd5 48. Rc7 h5 49. Be4 Re2 50. Rxe2 Nxe2 51. Bh7+ Kh8 52. Bd3 Nf4 53.
Bxa6 h4 54. Bf1 h3 55. Bxh3 Nxh3 56. a4 g4 57. Rc3 Nf2 58. Rg3 Kg7 59. a5 Kf6
60. a6 Ke7 61. a7 Kf6 62. Ra3 Ba8 63. Rc3 Ne4 64. Rc8 Bd5 65. Rd8 Bc6 66. Kc2
g3 67. a8=Q Bxa8 68. Rxa8 Ke5 69. Kd3 Ng5 70. Ke3 Kf5 71. b4 Kg4 72. b5 Nf7 73.
Rg8+ Kh3 74. b6 Nd6 75. Kf3 Nf5 76. Rh8+ Nh4+ 77. Rxh4+ Kxh4 78. b7 1-0

[Event "304th YMCA Summer A"]
[Site "Warsaw"]
[Date "2025.08.06"]
[Round "8"]
[White "Korsun, Wadym"]
[Black "Kasperkiewicz, Pawel"]
[Result "1/2-1/2"]
[WhiteElo "1938"]
[BlackElo "1910"]
[PlyCount "35"]
[EventDate "2025.07.02"]
[EventType "tourn"]
[EventRounds "1"]
[EventCountry "POL"]
[SourceDate "2025.07.01"]

1. e4 d5 2. exd5 Nf6 3. d4 Nxd5 4. Nf3 Bg4 5. Be2 e6 6. O-O Nc6 7. c3 Be7 8.
Re1 O-O 9. Nbd2 h6 10. Nf1 Bh5 11. Ne5 Nxe5 12. Bxh5 Nd7 13. Ne3 Nxe3 14. Bxe3
Nf6 15. Bf3 Nd5 16. Qd2 c6 17. Be4 Nxe3 18. Qxe3 $11 1/2-1/2

[Event "304th YMCA Summer A"]
[Site "Warsaw"]
[Date "2025.08.06"]
[Round "8"]
[White "Kadzinski, Wieslaw"]
[Black "Pajak, Jakub"]
[Result "1/2-1/2"]
[WhiteElo "1942"]
[BlackElo "1920"]
[PlyCount "35"]
[EventDate "2025.07.02"]
[EventType "tourn"]
[EventRounds "1"]
[EventCountry "POL"]
[SourceDate "2025.07.01"]

1. e4 g6 2. d4 Bg7 3. Nc3 c5 4. Be3 cxd4 5. Bxd4 Bxd4 6. Qxd4 f6 7. O-O-O Nc6
8. Qd2 a6 9. Bc4 e6 10. f4 Qa5 11. Nf3 Nge7 12. g4 Qc7 13. f5 h5 14. fxe6 dxe6
15. g5 Rf8 16. gxf6 Rxf6 17. Ng5 Na5 18. Be2 $11 1/2-1/2

[Event "304th YMCA Summer A"]
[Site "Warsaw"]
[Date "2025.08.06"]
[Round "8"]
[White "Moskwinski, Marek"]
[Black "Malicki, Jan"]
[Result "1-0"]
[WhiteElo "1884"]
[BlackElo "1863"]
[PlyCount "85"]
[EventDate "2025.07.02"]
[EventType "tourn"]
[EventRounds "1"]
[EventCountry "POL"]
[SourceDate "2025.07.01"]

1. e4 c5 2. Nf3 d6 3. d4 cxd4 4. Nxd4 Nf6 5. Nc3 a6 6. h3 e6 7. g4 Be7 8. Bg2
Qc7 9. Be3 Nc6 10. Qe2 h6 11. O-O-O Bd7 12. f4 Nxd4 13. Bxd4 e5 14. Be3 Bc6 15.
Rhf1 b5 16. g5 hxg5 17. fxg5 Nd7 18. Qf2 O-O 19. h4 b4 20. Nd5 Bxd5 21. Rxd5 a5
22. Bh3 a4 23. Qd2 b3 24. Qc3 Qb7 25. axb3 Rfc8 26. Qd3 axb3 27. c3 Ra1+ 28.
Kd2 Rca8 29. Qb5 Qxb5 30. Rxb5 Nc5 31. Bxc5 dxc5 32. Rxb3 Rxf1 33. Bxf1 Ra1 34.
Ke2 Rc1 35. Rb8+ Bf8 36. Bg2 g6 37. Kf3 Kg7 38. Rb7 Rc2 39. Bh3 Rc1 40. Be6
Rf1+ 41. Kg3 Bd6 42. Bc4 Kf8 43. Bxf1 1-0

[Event "304th YMCA Summer A"]
[Site "Warsaw"]
[Date "2025.08.08"]
[Round "9"]
[White "Jarzebowski, Kacper"]
[Black "Kasperkiewicz, Pawel"]
[Result "1-0"]
[WhiteElo "2075"]
[BlackElo "1910"]
[PlyCount "71"]
[EventDate "2025.07.02"]
[EventType "tourn"]
[EventRounds "1"]
[EventCountry "POL"]
[SourceDate "2025.07.01"]

1. e4 e6 2. d4 d5 3. Nc3 Nf6 4. e5 Ne4 5. Nxe4 dxe4 6. Bc4 a6 7. a4 b6 8. Ne2
Bb7 9. Be3 c5 10. c3 cxd4 11. cxd4 Nc6 12. O-O Be7 13. Ng3 g6 14. Ba2 Nb4 15.
Bb1 Nd3 16. Qd2 O-O 17. f3 Qd7 18. fxe4 Nb4 19. Qf2 Rad8 20. Ne2 Nc6 21. Qf4 a5
22. Rd1 Qc7 23. Nc3 f6 24. Qg4 Bc8 25. exf6 Bxf6 26. e5 Bg7 27. Nb5 Qb8 28. h4
Ne7 29. Bg5 Nf5 30. Ra3 Rd7 31. Ba2 Rdf7 32. h5 Bd7 33. hxg6 hxg6 34. Nc3 Nxd4
35. Bf6 Nf5 36. Ne4 1-0

[Event "304th YMCA Summer A"]
[Site "Warsaw"]
[Date "2025.08.08"]
[Round "9"]
[White "Korsun, Wadym"]
[Black "Lewandrowski, Tomasz"]
[Result "1-0"]
[WhiteElo "1938"]
[BlackElo "1968"]
[PlyCount "99"]
[EventDate "2025.07.02"]
[EventType "tourn"]
[EventRounds "1"]
[EventCountry "POL"]
[SourceDate "2025.07.01"]

1. e4 c5 2. Nc3 Nc6 3. g3 g6 4. Bg2 Bg7 5. Nge2 d6 6. d3 h5 7. h3 h4 8. g4 e6
9. Be3 Nd4 10. Qd2 Bd7 11. Nd1 Qc7 12. c3 Nxe2 13. Qxe2 Ne7 14. d4 O-O-O 15.
O-O f5 16. g5 fxe4 17. Bxe4 e5 18. Bg2 Nf5 19. dxc5 dxc5 20. Bc1 Bc6 21. Ne3
Bxg2 22. Kxg2 Qc6+ 23. Kg1 Qe4 24. Qg4 Qxg4+ 25. Nxg4 Rd3 26. Be3 Nxe3 27. fxe3
Rh5 28. Rf7 Bh8 29. Raf1 Rd2 30. R1f2 Rd8 31. Rf8 Rh7 32. Rxd8+ Kxd8 33. Rf8+
Ke7 34. Rg8 Kf7 35. Rc8 Ke6 36. e4 Kd6 37. Rg8 Bg7 38. Kf2 a5 39. Ke2 c4 40.
Nf6 Bxf6 41. Rxg6 Ke7 42. Rxf6 Rg7 43. Rf5 Ke6 44. Kf3 Rd7 45. Kg4 Rd2 46. g6
Rg2+ 47. Kh5 Rg3 48. Kh6 Rxh3 49. g7 Rg3 50. Kh7 1-0

[Event "304th YMCA Summer A"]
[Site "Warsaw"]
[Date "2025.08.08"]
[Round "9"]
[White "Kadzinski, Wieslaw"]
[Black "Moskwinski, Marek"]
[Result "0-1"]
[WhiteElo "1942"]
[BlackElo "1884"]
[PlyCount "120"]
[EventDate "2025.07.02"]
[EventType "tourn"]
[EventRounds "1"]
[EventCountry "POL"]
[SourceDate "2025.07.01"]

1. e4 e5 2. Nf3 Nc6 3. d4 exd4 4. Bc4 Bb4+ 5. c3 dxc3 6. Nxc3 d6 7. Qb3 Qe7 8.
O-O Bxc3 9. bxc3 Nf6 10. e5 Nxe5 11. Nxe5 Qxe5 12. Bxf7+ Kd8 13. Ba3 Rf8 14.
Rfe1 Qf5 15. f3 Ne4 16. Rxe4 Qxf7 17. Qb2 Re8 18. Rd4 Qe6 19. Rad1 Qe2 20. R4d2
Qe3+ 21. Kf1 b6 22. Qb5 a5 23. Qc6 Ba6+ 24. c4 Bxc4+ 25. Qxc4 Qxa3 26. Qc6 Rc8
27. Qc4 Qc5 28. Qh4+ Re7 29. Qxh7 Qe5 30. Qh4 Kd7 31. Qg4+ Re6 32. f4 Rf8 33.
Rf2 Qf6 34. g3 Rf7 35. h4 Qf5 36. Qf3 Qb5+ 37. Kg1 Rfe7 38. Qg4 Kd8 39. f5 Re1+
40. Kh2 R7e2 41. Qg5+ Kc8 42. Rd2 Rxf2+ 43. Rxf2 Qd5 44. Rg2 Qd1 45. g4 Rh1+
46. Kg3 Qe1+ 47. Rf2 Rf1 48. Qf4 Rxf2 49. Qxf2 Qxf2+ 50. Kxf2 Kd7 51. g5 Ke7
52. h5 Kf7 53. Ke3 b5 54. Kd4 c5+ 55. Kd5 c4 56. f6 gxf6 57. g6+ Kg8 58. h6 c3
59. Ke6 c2 60. Kxf6 c1=Q 0-1

[Event "304th YMCA Summer A"]
[Site "Warsaw"]
[Date "2025.08.09"]
[Round "10"]
[White "Jarzebowski, Kacper"]
[Black "Korsun, Wadym"]
[Result "1-0"]
[WhiteElo "2075"]
[BlackElo "1938"]
[PlyCount "75"]
[EventDate "2025.07.02"]
[EventType "tourn"]
[EventRounds "1"]
[EventCountry "POL"]
[SourceDate "2025.07.01"]

1. d4 Nf6 2. c4 d6 3. Nc3 g6 4. e4 Bg7 5. Nf3 O-O 6. Be2 e5 7. O-O Nc6 8. d5
Ne7 9. Ne1 Nd7 10. Nd3 f5 11. b4 Nf6 12. f3 f4 13. a4 g5 14. c5 Ng6 15. Ba3 Rf7
16. a5 h5 17. b5 g4 18. b6 cxb6 19. axb6 a6 20. cxd6 Qxb6+ 21. Bc5 Qd8 22. Nb5
g3 23. Nc7 Ne8 24. Ne6 Qh4 25. h3 Nf8 26. Qb3 Bf6 27. Ba3 Ng7 28. Ndc5 b6 29.
Nxf8 Bxh3 30. Ng6 Qg5 31. gxh3 bxc5 32. Ne7+ Bxe7 33. dxe7 Nf5 34. exf5 g2 35.
Rf2 Rg7 36. d6+ Kh7 37. Qe6 Qg3 38. f6 1-0

[Event "304th YMCA Summer A"]
[Site "Warsaw"]
[Date "2025.08.12"]
[Round "10"]
[White "Kasperkiewicz, Pawel"]
[Black "Lewandrowski, Tomasz"]
[Result "1-0"]
[WhiteElo "1910"]
[BlackElo "1968"]
[PlyCount "51"]
[EventDate "2025.07.02"]
[EventType "tourn"]
[EventRounds "1"]
[EventCountry "POL"]
[SourceDate "2025.07.01"]

1. e4 c5 2. Nf3 Nc6 3. Bb5 Nf6 4. Nc3 g6 5. Bxc6 dxc6 6. d3 Bg7 7. Be3 b6 8. h3
O-O 9. Qd2 Re8 10. Bh6 Bh8 11. O-O Nd7 12. Ng5 Nf8 13. f4 Ne6 14. Nxe6 Bxe6 15.
f5 Bd7 16. Rf3 a5 17. Raf1 Qc7 18. a4 b5 19. Kh1 Red8 20. axb5 cxb5 21. Nd5 Qd6
22. fxg6 fxg6 23. Qf2 e6 24. Rf7 Bd4 25. Rg7+ Kh8 26. Qf7 1-0

[Event "304th YMCA Summer A"]
[Site "Warsaw"]
[Date "2025.08.12"]
[Round "10"]
[White "Kadzinski, Wieslaw"]
[Black "Malicki, Jan"]
[Result "1-0"]
[WhiteElo "1942"]
[BlackElo "1863"]
[PlyCount "47"]
[EventDate "2025.07.02"]
[EventType "tourn"]
[EventRounds "1"]
[EventCountry "POL"]
[SourceDate "2025.07.01"]

1. e4 c5 2. Nf3 d6 3. d4 cxd4 4. Nxd4 Nf6 5. Nc3 a6 6. f4 e6 7. Bd3 Be7 8. O-O
b5 9. a3 Bb7 10. Kh1 Nbd7 11. b4 Rc8 12. Qe1 O-O 13. Bb2 Nb6 14. Rd1 Nc4 15.
Ba1 Nxa3 16. e5 Nd5 17. exd6 Qxd6 18. Qg3 Qxb4 19. Nxd5 Bxd5 20. Nc6 g6 21.
Nxb4 Bxb4 22. f5 Nxc2 23. fxg6 fxg6 24. Bxg6 1-0

[Event "304th YMCA Summer A"]
[Site "Warsaw"]
[Date "2025.08.12"]
[Round "10"]
[White "Moskwinski, Marek"]
[Black "Pajak, Jakub"]
[Result "1/2-1/2"]
[WhiteElo "1884"]
[BlackElo "1920"]
[PlyCount "103"]
[EventDate "2025.07.02"]
[EventType "tourn"]
[EventRounds "1"]
[EventCountry "POL"]
[SourceDate "2025.07.01"]

1. e4 e6 2. d4 d5 3. Nc3 dxe4 4. Nxe4 Bd7 5. Nf3 Bc6 6. Bd3 Be7 7. c3 Nf6 8.
Qe2 Nxe4 9. Bxe4 Bxe4 10. Qxe4 c6 11. Ne5 Nd7 12. O-O O-O 13. Re1 Nxe5 14. dxe5
Qb6 15. b3 Rfd8 16. Be3 Bc5 17. Rad1 Bxe3 18. Qxe3 Qxe3 19. fxe3 Rd5 20. Rxd5
cxd5 21. Kf2 Kf8 22. Ke2 Ke7 23. Kd3 Rc8 24. e4 Rc5 25. Kd4 b6 26. b4 Rc4+ 27.
Kd3 h5 28. h4 b5 29. Re2 a6 30. Re1 f5 31. exf6+ Kxf6 32. Rf1+ Ke5 33. exd5
exd5 34. Re1+ Kd6 35. g3 Rg4 36. Re3 g5 37. hxg5 Rxg5 38. Kd4 Rg4+ 39. Kd3 Rg5
40. Kd4 Rg6 41. Kd3 Rg4 42. a3 Rg5 43. Kd2 Re5 44. Rxe5 Kxe5 45. Ke3 Kf5 46.
Kf3 Kg5 47. Ke3 Kg4 48. Kf2 Kg5 49. Ke3 Kf5 50. Kf3 Ke5 51. Ke3 Kf5 52. Kf3
1/2-1/2